[Event "Cap d'Agde Grand Prix"]
[Site "Cap d'Agde"]
[Date "2015.10.25"]
[Round "2"]
[White "Marimoutou, Loic"]
[Black "Lalic, Bogdan"]
[Result "0-1"]
[WhiteElo "2076"]
[BlackElo "2453"]
[PlyCount "126"]
[EventDate "2015.10.20"]
[EventType "swiss"]
[EventRounds "9"]
[EventCountry "FRA"]
[SourceTitle "EXT 2024"]
[Source "ChessBase"]
[SourceDate "2023.10.10"]
[SourceVersion "1"]
[SourceVersionDate "2023.10.10"]
[SourceQuality "1"]

1. e4 c5 2. Nc3 e6 3. f4 a6 4. Nf3 d5 5. d3 Nc6 6. Be2 g6 7. 0-0 Bg7 8. Qe1 Nge7 9. Qh4 b5 10. Bd1 Bb7 11. e5 0-0 12. Bd2 Qb6 13. Ne2 Nf5 14. Qf2 f6 15. exf6 Bxf6 16. c3 d4 17. cxd4 Ncxd4 18. Nexd4 Nxd4 19. Be3 Rad8 20. Nd2 Bg7 21. Bf3 Bxf3 22. Nxf3 Nxf3+ 23. gxf3 Bd4 24. Kg2 Rxf4 25. Qe2 Bxe3 26. Qxe3 Rfd4 27. Rfe1 R8d6 28. Rac1 Rxd3 29. Qxc5 Rd2+ 30. Kg3 Qxc5 31. Rxc5 Rxb2 32. a4 bxa4 33. Ra5 Rb4 34. Ra1 Kf7 35. R1xa4 Rxa4 36. Rxa4 Ke7 37. Kf4 h6 38. h4 Kf6 39. Ra5 e5+ 40. Ke3 h5 41. f4 exf4+ 42. Kxf4 Re6 43. Ra4 Ke7 44. Rd4 Rd6 45. Rc4 Kd7 46. Ke5 a5 47. Ra4 Ra6 48. Kd5 Rf6 49. Kc5 Kc7 50. Ra3 Kb7 51. Ra1 Rf5+ 52. Kd4 Kb6 53. Rg1 Rf4+ 54. Kd5 Rg4 55. Rb1+ Ka6 56. Kc5 a4 57. Rb6+ Ka7 58. Rf6 a3 59. Kb5 Kb7 60. Ra6 Rb4+ 61. Kxb4 Kxa6 62. Kxa3 Ka5 63. Kb3 Kb5 0-1

[Event "Avoine op 29th"]
[Site "Avoine"]
[Date "2014.07.23"]
[Round "5"]
[White "Delorme, Alban"]
[Black "Marimoutou, Loic"]
[Result "1-0"]
[WhiteElo "2292"]
[BlackElo "2081"]
[PlyCount "40"]
[EventDate "2014.07.19"]
[EventType "swiss"]
[EventRounds "9"]
[EventCountry "FRA"]
[SourceTitle "CBM 161 Extra"]
[Source "ChessBase"]
[SourceDate "2014.08.29"]
[SourceVersion "1"]
[SourceVersionDate "2014.08.29"]
[SourceQuality "1"]

1. d4 Nf6 2. Nf3 g6 3. Nbd2 d5 4. e3 Bg7 5. b4 a5 6. b5 0-0 7. c4 c5 8. Bb2 Nbd7 9. Rc1 b6 10. cxd5 cxd4 11. Nxd4 Nxd5 12. Nc6 Qe8 13. Bxg7 Kxg7 14. Nc4 N7f6 15. e4 Nb4 16. Nxb6 Nxa2 17. Nxa8 Bg4 18. f3 Nxc1 19. Qxc1 Qxa8 20. fxg4 Qc8 1-0

[Event "Agneaux St Lo op 16th"]
[Site "Agneaux"]
[Date "2014.07.11"]
[Round "7"]
[White "Fruchard, Cyrille"]
[Black "Marimoutou, Loic"]
[Result "1/2-1/2"]
[WhiteElo "2006"]
[BlackElo "2081"]
[PlyCount "102"]
[EventDate "2014.07.06"]
[EventType "swiss"]
[EventRounds "9"]
[EventCountry "FRA"]
[SourceTitle "EXT 2015"]
[Source "ChessBase"]
[SourceDate "2014.11.20"]
[SourceVersion "1"]
[SourceVersionDate "2014.11.20"]
[SourceQuality "1"]

1. d4 Nf6 2. c4 d6 3. Nc3 e5 4. dxe5 dxe5 5. Qxd8+ Kxd8 6. Bg5 c6 7. e3 Be6 8. Nf3 Nbd7 9. Be2 Bb4 10. Rc1 Kc7 11. 0-0 Bxc3 12. Rxc3 Ne4 13. Rcc1 f6 14. Bh4 g5 15. Bg3 h5 16. h4 g4 17. Nh2 Rad8 18. Rfd1 Nxg3 19. fxg3 Nc5 20. Nf1 Bf5 21. Nd2 a5 22. Nb1 Rxd1+ 23. Rxd1 Ne4 24. Nc3 Nxg3 25. Kf2 Ne4+ 26. Nxe4 Bxe4 27. c5 Bd5 28. a3 f5 29. g3 Rf8 30. Rd2 Kd7 31. Rc2 Ke6 32. Rd2 f4 33. Rd1 Rf6 34. Rd2 Ke7 35. Rc2 fxg3+ 36. Kxg3 Rf8 37. Rd2 Kf6 38. Rd1 Kf7 39. Rd2 a4 40. Rc2 Kf6 41. Rd2 Ra8 42. Rc2 Ra5 43. Bd3 e4 44. Be2 Bb3 45. Rc1 Ke5 46. Rc3 Ra8 47. Rc1 Rd8 48. Bc4 Rd2 49. Bxb3 axb3 50. a4 Rxb2 51. a5 Re2 1/2-1/2

[Event "FRA-ch U18"]
[Site "Montbeliard"]
[Date "2014.04.27"]
[Round "9"]
[White "Marimoutou, Loic"]
[Black "Kambrath, Yannick"]
[Result "1/2-1/2"]
[WhiteElo "2040"]
[BlackElo "2263"]
[PlyCount "185"]
[EventDate "2014.04.21"]
[EventType "swiss"]
[EventRounds "9"]
[EventCountry "FRA"]
[SourceTitle "CBM 160 Extra"]
[Source "ChessBase"]
[SourceDate "2014.07.01"]
[SourceVersion "1"]
[SourceVersionDate "2014.07.01"]
[SourceQuality "1"]

1. e4 c5 2. Nf3 e6 3. Be2 Nc6 4. d3 d6 5. Nbd2 Nf6 6. 0-0 Be7 7. c3 0-0 8. Re1 Bd7 9. Nf1 Rc8 10. Ng3 b5 11. b3 a5 12. Bb2 Qb6 13. Qc2 Rfd8 14. h3 Be8 15. Bf1 g6 16. Rad1 Bf8 17. Qe2 Bg7 18. Nh2 a4 19. Kh1 axb3 20. axb3 Na5 21. Qc2 e5 22. Bc1 Bd7 23. Bg5 Be6 24. Rb1 h6 25. Be3 Qc7 26. f4 exf4 27. Bxf4 Nc6 28. Qf2 b4 29. d4 cxd4 30. cxd4 Qb6 31. Be3 d5 32. e5 Nh7 33. Nf3 Na7 34. Qd2 h5 35. Ng5 Nf8 36. Bd3 Rc3 37. Ne2 Rxd3 38. Qxd3 Bf5 39. Qd2 Bxb1 40. Rxb1 f6 41. Nf3 Nc6 42. exf6 Bxf6 43. Bg5 Rd6 44. Re1 Na5 45. Nc1 Bg7 46. Be7 Re6 47. Rxe6 Nxe6 48. Qxb4 Qc7 49. Bc5 Nc6 50. Qd2 Ncxd4 51. Bxd4 Bxd4 52. Ne2 Bf6 53. Qxd5 Kf7 54. b4 Qc2 55. Qd7+ Be7 56. Nfg1 Qb1 57. b5 Qb2 58. Qd3 Bc5 59. Qf3+ Ke7 60. Qd3 Kf6 61. Qc3+ Qxc3 62. Nxc3 Bd4 63. Nce2 Bb6 64. g3 Ke5 65. Kg2 Nc7 66. Nf3+ Kf5 67. Nh4+ Kf6 68. Nf4 g5 69. Nxh5+ Kf7 70. Nf5 Nxb5 71. Kf3 Bc5 72. Ke4 Kg6 73. g4 Nc3+ 74. Kf3 Nd5 75. Nfg3 Bd6 76. Ne2 Bc7 77. Ke4 Nb4 78. Nd4 Bh2 79. Nf3 Bb8 80. Kd4 Bc7 81. Kc4 Nc2 82. Kd3 Nb4+ 83. Ke4 Bb8 84. Nd2 Bh2 85. Nc4 Bc7 86. Ne3 Bh2 87. Nd5 Nxd5 88. Kxd5 Kf7 89. Ke4 Kg6 90. Kd5 Kf7 91. Ke4 Kg6 92. Kf3 Bd6 93. Ke4 1/2-1/2

[Event "Agneaux St Lo op 15th"]
[Site "Agneaux"]
[Date "2013.07.11"]
[Round "6"]
[White "Marimoutou, Loic"]
[Black "Banzea, Alexandru Bogdan"]
[Result "1/2-1/2"]
[WhiteElo "1936"]
[BlackElo "1856"]
[PlyCount "51"]
[EventDate "2013.07.07"]
[EventType "swiss"]
[EventRounds "9"]
[EventCountry "FRA"]
[SourceTitle "EXT 2014"]
[Source "ChessBase"]
[SourceDate "2013.11.20"]
[SourceVersion "1"]
[SourceVersionDate "2013.11.20"]
[SourceQuality "1"]

1. e4 c5 2. Nc3 Nc6 3. Bb5 Nd4 4. Bc4 e6 5. Nf3 Ne7 6. 0-0 Nec6 7. d3 a6 8. Nxd4 cxd4 9. Ne2 Be7 10. Bd2 0-0 11. Bb3 b6 12. f4 Bb7 13. Ng3 Re8 14. Qg4 Kh8 15. Rae1 g6 16. c3 f5 17. Qe2 Bf6 18. Qf2 Rc8 19. Bd1 d5 20. Bf3 dxc3 21. Bxc3 Bxc3 22. bxc3 dxe4 23. dxe4 Na5 24. Rd1 Qc7 25. Qd4+ Kg8 26. Ne2 1/2-1/2